Sélectionneurs ayant remporté la coupe du Monde - Statistiques

Statistiques générales
  • Ce quiz a été pris 106 fois
  • Le résultat moyen est 6 sur 22
Statistiques - réponses
Edition Champion du Monde Sélectionneur % Correct
2018 France Didier Deschamps
100%
1998 France Aimé Jacquet
83%
2014 Allemagne Joachim Löw
76%
2010 Espagne Vicente Del Bosque
72%
2022 Argentine Lionel Scaloni
58%
1990 Allemagne Franz Beckenbauer
55%
1970 Brésil Mario Zagallo
38%
2006 Italie Marcello Lippi
35%
2002 Brésil Luiz Felipe Scolari
34%
1978 Argentine César Menotti
14%
1934 Italie Vittorio Pozzo
9%
1938 Italie Vittorio Pozzo
9%
1986 Argentine Carlos Bilardo
8%
1982 Italie Enzo Bearzot
8%
1974 Allemagne Helmut Schön
6%
1994 Brésil Carlos Parreira
5%
1950 Uruguay Juan Lopez
5%
1966 Angleterre Alf Ramsey
4%
1954 Allemagne Josef Herberger
3%
1958 Brésil Vicente Feola
3%
1930 Uruguay Alberto Suppici
2%
1962 Brésil Aymoré Moreira
1%
Aucun quiz correspondant
Distribution des résultats
% des personnes avec chaque résultat
Percentile par nombre de réponses
Votre historique - résultats
Vous n’avez pas pris ce quiz